Modernización del INEGI y Plan Nacional de Desarrollo 1989-1994

محفوظ في:
التفاصيل البيبلوغرافية
مؤلف مشترك: Instituto Nacional de Estadísticas, Geografía e Infomática (مؤلف)
التنسيق: كتاب
اللغة:الإسبانية
منشور في: Ciudad de México INEGI 1994
الموضوعات:
الوسوم: إضافة وسم
لا توجد وسوم, كن أول من يضع وسما على هذه التسجيلة!

MARC

LEADER 00000nam a2200000 a 4500
001 UCY5895
003 CL-VaPUC
008 950521e19940000MX |||||||||||||||||spa|d
082 0 4 |a 972.083  |b INS  |2 21 
110 2 |a Instituto Nacional de Estadísticas, Geografía e Infomática  |e author  |9 335309 
245 1 0 |a Modernización del INEGI y Plan Nacional de Desarrollo 1989-1994 
300 |a 655 p 
942 |c BK 
945 |d 19950521 00:00:00  |a aalvarez 
260 |a Ciudad de México  |b INEGI  |c 1994 
600 0 7 |a INEGI  |2 CL-VaPUC  |9 335310 
650 7 |a DESARROLLO  |2 CL-VaPUC  |9 258144 
650 7 |a MODERNIZACION  |2 CL-VaPUC  |9 335311 
650 7 |a CAPACITACION  |2 CL-VaPUC  |9 333907 
651 0 |a México  |9 255269 
583 |a last modification  |c 19950521 00:00:00  |k Rodrigo Vera 
999 |c 233501  |d 233499 
952 |0 0  |1 0  |4 0  |6 972_083000000000000_INS_1994  |7 0  |8 A  |9 239080  |a BIBING  |b BIBING  |d 2019-11-18  |i 3080668  |o 972.083 INS 1994  |p 3080668  |r 2025-01-20  |w 2019-11-18  |y BK  |k GEO